Murder in the mews and other stories. (Record no. 173374)

000 -LEADER
fixed length control field 00874cam a2200277u 4500
001 - CONTROL NUMBER
control field 10176812
003 - CONTROL NUMBER IDENTIFIER
control field Nust
005 - DATE AND TIME OF LATEST TRANSACTION
control field 20180723113441.0
008 - FIXED-LENGTH DATA ELEMENTS--GENERAL INFORMATION
fixed length control field 821208s1937 enk 000 0 eng
010 ## - LIBRARY OF CONGRESS CONTROL NUMBER
LC control number 37007812
020 ## - INTERNATIONAL STANDARD BOOK NUMBER
International Standard Book Number 9780007299812
Terms of availability Rs. 260
038 ## - RECORD CONTENT LICENSOR
Staff Name Arshad
040 ## - CATALOGING SOURCE
Original cataloging agency DLC
Transcribing agency CarP
Modifying agency DLC
050 00 - LIBRARY OF CONGRESS CALL NUMBER
Classification number PZ3.C4637
Item number Mpm
Classification number PR6005.H66
082 00 - DEWEY DECIMAL CLASSIFICATION NUMBER
Classification number 823.912
Author Mark CHR
100 1# - MAIN ENTRY--PERSONAL NAME
Personal name Christie, Agatha,
Dates associated with a name 1890-1976.
9 (RLIN) 2976
245 10 - TITLE STATEMENT
Title Murder in the mews and other stories.
260 ## - PUBLICATION, DISTRIBUTION, ETC.
Place of publication, distribution, etc. London,
Name of publisher, distributor, etc. Pub. for the Crime club by Collins
Date of publication, distribution, etc. 1937
300 ## - PHYSICAL DESCRIPTION
Extent 378 p.
Dimensions 19 cm.
600 10 - SUBJECT ADDED ENTRY--PERSONAL NAME
Personal name Poirot, Hercule
Titles and other words associated with a name (Fictitious character)
Form subdivision Fiction.
9 (RLIN) 11837
650 #0 - SUBJECT ADDED ENTRY--TOPICAL TERM
Topical term or geographic name entry element Private investigators
Geographic subdivision England
Form subdivision Fiction.
9 (RLIN) 11838
650 #0 - SUBJECT ADDED ENTRY--TOPICAL TERM
Topical term or geographic name entry element Detective and mystery stories, English.
9 (RLIN) 8920
906 ## - LOCAL DATA ELEMENT F, LDF (RLIN)
a 0
b cbc
c premunv
d u
e ncip
f 19
g y-gencatlg
942 ## - ADDED ENTRY ELEMENTS (KOHA)
Source of classification or shelving scheme
Koha item type Book
Holdings
Withdrawn status Lost status Source of classification or shelving scheme Damaged status Not for loan Collection code Permanent Location Current Location Shelving location Date acquired Total Checkouts Total Renewals Full call number Barcode Date last seen Date last checked out Copy number Price effective from Koha item type
            Central Library (CL) Central Library (CL) Fiction 01/23/2017 1 2 823.912 CHR CL1040 01/14/2025 01/27/2022 1 01/23/2017 Book
© 2023 Central Library, National University of Sciences and Technology. All Rights Reserved.